000 00215nam a22000857a 4500
008 160909b xxu||||| |||| 00| 0 eng d
100 _9345
_aAhmed K
245 _aHindi Book
260 _aNew Delhi
_bNational Book Trust
_c2009
999 _c3005
_d3005